| 000 | 00897nam a22002177a 4500 | ||
|---|---|---|---|
| 999 |
_c8933 _d8933 |
||
| 003 | AR-CdUCM | ||
| 008 | 190327b ||||| |||| 00| 0 spa d | ||
| 040 |
_aMUNICIPALIDAD PROVINCIAL DEL CUSCO _cBIBLIOTECA MUNICIPAL DEL CUSCO |
||
| 082 |
_a901.1 / _bP87 |
||
| 110 |
_aProgreso _97612 |
||
| 245 | _aProblemas fundamentales del materialismo histórico / | ||
| 260 |
_aMoscú : _bProgreso, _c1969. |
||
| 300 |
_a369 paginas ; _c21 cm. |
||
| 505 | _aContenido :El materialismo histórico como ciencia -- El modo de producción, fuerza determinante del desarrollo social -- Teoría de las clases y de la lucha entre las clases, sus problemas de hoy -- Teoría de la revolución social -- El estado ... | ||
| 650 |
_aMaterialismo histórico _94121 |
||
| 650 |
_aFilosofía general _919009 |
||
| 700 |
_aGlezermán, G _924805 |
||
| 700 |
_aKursánov, G _924806 |
||
| 942 |
_2ddc _cLIBROS |
||
| 945 | _arum | ||